000 00380nam a2200181Ia 4500
005 20250603145848.0
008 250603s9999 xx 000 0 und d
020 _a9788131711583
050 _aQR 181 .K43/
100 _aKhan, Fahim Halim
245 0 _ac
260 _aBoston
260 _bPearson
260 _c2009
300 _a470 p
650 _aBoston
942 _cBK
999 _c43077
_d43077